[Event "VIE-ch qual"]
[Site "Hanoi"]
[Date "2009.02.21"]
[Round "9"]
[White "Pham, Xuan Dat"]
[Black "Ngo, Ngoc Quang"]
[Result "0-1"]
[WhiteElo "2251"]
[BlackElo "2275"]
[PlyCount "96"]
[EventDate "2009.02.15"]
[EventType "swiss"]
[EventRounds "9"]
[EventCountry "VIE"]
[SourceTitle "EXT 2010"]
[Source "ChessBase"]
[SourceDate "2010.11.25"]
[SourceVersion "1"]
[SourceVersionDate "2010.11.25"]
[SourceQuality "1"]

1. e4 c5 2. Nc3 d6 3. Bb5+ Bd7 4. Bxd7+ Qxd7 5. Nge2 g6 6. d4 cxd4 7. Qxd4 Nf6 8. Nd5 Bg7 9. Bg5 Nc6 10. Qc3 Nh5 11. Qa3 0-0 12. h3 f5 13. 0-0-0 fxe4 14. g4 Nf6 15. Ndc3 Qe6 16. Rhe1 h6 17. Be3 Ne5 18. Nf4 Qf7 19. Qb3 Qxb3 20. axb3 Kf7 21. Bd4 Nf3 22. Bxf6 Bxf6 23. Rxe4 Bg5 24. Kb1 e5 25. Nfd5 Nd2+ 26. Ka2 Nxe4 27. Nxe4 Be7 28. c4 Rfd8 29. b4 Rac8 30. Kb3 a6 31. Nec3 Ke6 32. Re1 Bh4 33. Re2 Rf8 34. f4 Bg3 35. fxe5 Bxe5 36. Re3 Rf2 37. Ne2 Rcf8 38. Ka4 Kd7 39. c5 R2f3 40. Re4 Bxb2 41. Ka5 dxc5 42. Nef4 cxb4 43. Kb6 R3xf4 44. Nxf4 b3 45. Nd3 Bc3 46. Nc5+ Kd6 47. Na4 Be5 48. Rb4 Rf4 0-1

[Event "VIE-ch qual"]
[Site "Hanoi"]
[Date "2009.02.17"]
[Round "4"]
[White "Tran, Ngoc Lan"]
[Black "Ngo, Ngoc Quang"]
[Result "0-1"]
[WhiteElo "2159"]
[BlackElo "2275"]
[PlyCount "112"]
[EventDate "2009.02.15"]
[EventType "swiss"]
[EventRounds "9"]
[EventCountry "VIE"]
[SourceTitle "EXT 2010"]
[Source "ChessBase"]
[SourceDate "2010.11.25"]
[SourceVersion "1"]
[SourceVersionDate "2010.11.25"]
[SourceQuality "1"]

1. e4 e5 2. Nf3 Nf6 3. Nxe5 d6 4. Nf3 Nxe4 5. Qe2 Qe7 6. d3 Nf6 7. Bg5 Qxe2+ 8. Bxe2 Be7 9. Nc3 c6 10. 0-0 h6 11. Bh4 g5 12. Bg3 Nh5 13. Nd4 Nxg3 14. fxg3 0-0 15. Bh5 d5 16. Nf5 Bc5+ 17. Kh1 Bxf5 18. Rxf5 Nd7 19. Raf1 f6 20. Nxd5 cxd5 21. Rxd5 Rad8 22. Bg4 f5 23. Rfxf5 Rde8 24. Rxf8+ Bxf8 25. h3 Nf6 26. Rf5 Re1+ 27. Kh2 Nxg4+ 28. hxg4 Re2 29. Rb5 b6 30. c4 Rd2 31. Rb3 Bc5 32. a4 a5 33. Rb5 Rxd3 34. b4 Bf2 35. bxa5 Bxg3+ 36. Kh3 Bd6+ 37. g3 Rxg3+ 38. Kh2 Rb3+ 39. Kg2 Rxb5 40. axb5 bxa5 41. Kf3 a4 42. Ke4 a3 43. Kd5 Bf4 44. c5 a2 45. b6 a1Q 46. b7 Qe5+ 47. Kc6 Kf7 48. Kb6 Qc7+ 49. Ka6 Qc6+ 50. Ka7 Qxc5+ 51. Ka6 h5 52. gxh5 Bc7 53. b8Q Bxb8 54. h6 Bc7 55. Kb7 Qb6+ 56. Kc8 Ke7 0-1

[Event "VIE-ch qual"]
[Site "Hanoi"]
[Date "2009.02.15"]
[Round "1"]
[White "Ngo, Ngoc Quang"]
[Black "Dong, Bao Nghia"]
[Result "1/2-1/2"]
[WhiteElo "2275"]
[BlackElo "2066"]
[PlyCount "132"]
[EventDate "2009.02.15"]
[EventType "swiss"]
[EventRounds "9"]
[EventCountry "VIE"]
[SourceTitle "EXT 2010"]
[Source "ChessBase"]
[SourceDate "2010.11.25"]
[SourceVersion "1"]
[SourceVersionDate "2010.11.25"]
[SourceQuality "1"]

1. d4 Nf6 2. Bg5 e6 3. Nf3 d5 4. e3 Nbd7 5. Bd3 Be7 6. Nbd2 b6 7. e4 dxe4 8. Nxe4 Bb7 9. Qe2 Nxe4 10. Bxe4 Bxe4 11. Qxe4 Bxg5 12. Nxg5 h6 13. Nf3 0-0 14. 0-0 c5 15. Rad1 Qc7 16. Rd2 Rad8 17. Rfd1 cxd4 18. Qxd4 Nf6 19. Qa4 Rd5 20. Rxd5 Nxd5 21. c3 Qb7 22. h3 b5 23. Qe4 Rc8 24. Ne5 Qe7 25. Rd3 Nf6 26. Qd4 a6 27. Qd6 Qb7 28. Nd7 Qxd7 29. Qxd7 Nxd7 30. Rxd7 g6 31. Kf1 Kg7 32. Ke2 Kf6 33. Kd3 Rc6 34. Ke4 Rc4+ 35. Rd4 Rc6 36. a4 e5 37. axb5 axb5 38. Rd5 b4 39. cxb4 Rc4+ 40. Kd3 Rxb4 41. Kc3 Rb7 42. b4 Ke6 43. Rc5 Kd6 44. Kc4 Ra7 45. Ra5 Rc7+ 46. Kd3 h5 47. Ra6+ Kd5 48. Ra5+ Kd6 49. Ra2 Kd5 50. f3 g5 51. Ra5+ Kd6 52. g4 hxg4 53. hxg4 Rc1 54. Ra7 Rb1 55. Kc4 Rc1+ 56. Kb5 f6 57. Ra6+ Ke7 58. Rc6 Rf1 59. Rc3 f5 60. gxf5 Kf6 61. Kc6 Kxf5 62. b5 Kf4 63. b6 e4 64. b7 Rb1 65. fxe4 Kxe4 66. Rc5 Rxb7 1/2-1/2

[Event "VIE-chT"]
[Site "Da Lat"]
[Date "2007.08.29"]
[Round "10"]
[White "Dinh, Duc Trong"]
[Black "Ngo, Ngoc Quang"]
[Result "1-0"]
[WhiteElo "2354"]
[BlackElo "2275"]
[PlyCount "51"]
[EventDate "2007.08.22"]
[EventType "team-swiss"]
[EventRounds "11"]
[EventCountry "VIE"]
[SourceTitle "EXT 2023"]
[Source "ChessBase"]
[SourceDate "2022.10.05"]
[SourceVersion "1"]
[SourceVersionDate "2022.10.05"]
[SourceQuality "1"]

1. Nf3 d5 2. g3 Nf6 3. Bg2 g6 4. 0-0 Bg7 5. d4 0-0 6. c3 b6 7. Ne5 Bb7 8. c4 c6 9. Nc3 Nfd7 10. cxd5 Nxe5 11. dxe5 Bxe5 12. Bh6 Re8 13. Qb3 e6 14. dxe6 Rxe6 15. Rad1 Qe7 16. Bh3 Rd6 17. Ne4 Rd5 18. Bg5 Qe8 19. f4 Bg7 20. Nd6 Qxe2 21. Nxb7 Bd4+ 22. Kh1 Nd7 23. Bg2 Rb5 24. Qd3 Qxd3 25. Rxd3 c5 26. Nd6 1-0

[Event "VIE-chT"]
[Site "Da Lat"]
[Date "2007.08.25"]
[Round "6"]
[White "Tu, Hoang Thai"]
[Black "Ngo, Ngoc Quang"]
[Result "1/2-1/2"]
[WhiteElo "2395"]
[BlackElo "2275"]
[PlyCount "26"]
[EventDate "2007.08.22"]
[EventType "team-swiss"]
[EventRounds "11"]
[EventCountry "VIE"]
[SourceTitle "EXT 2023"]
[Source "ChessBase"]
[SourceDate "2022.10.05"]
[SourceVersion "1"]
[SourceVersionDate "2022.10.05"]
[SourceQuality "1"]

1. e4 c5 2. Nf3 d6 3. c3 Nf6 4. Be2 e5 5. 0-0 Be7 6. d3 0-0 7. a4 Nc6 8. Qc2 b6 9. Na3 Bb7 10. Nc4 Re8 11. Rd1 Bf8 12. Bg5 h6 13. Bxf6 Qxf6 1/2-1/2

[Event "VIE-ch"]
[Site "Hue"]
[Date "2007.04.08"]
[Round "6"]
[White "Tu, Hoang Thong"]
[Black "Ngo, Ngoc Quang"]
[Result "1-0"]
[WhiteElo "2472"]
[BlackElo "2266"]
[PlyCount "65"]
[EventDate "2007.04.03"]
[EventType "swiss"]
[EventRounds "9"]
[EventCountry "VIE"]
[SourceTitle "EXT 2023"]
[Source "ChessBase"]
[SourceDate "2022.10.05"]
[SourceVersion "1"]
[SourceVersionDate "2022.10.05"]
[SourceQuality "1"]

1. e4 e5 2. Nc3 Nc6 3. Bc4 Nf6 4. d3 Bb4 5. Nge2 d5 6. exd5 Nxd5 7. 0-0 Be6 8. Ne4 Be7 9. N2g3 0-0 10. Bxd5 Qxd5 11. f4 f5 12. Nc3 Qc5+ 13. Kh1 Bd6 14. fxe5 Bxe5 15. Nge2 Rae8 16. Bf4 Bd7 17. Bxe5 Qxe5 18. d4 Qf6 19. Qd3 a6 20. Qg3 Nb4 21. Rac1 Nxa2 22. Nxa2 Rxe2 23. Nc3 f4 24. Qf3 Re6 25. Qxb7 Rb6 26. Qxc7 Bc6 27. d5 Bb7 28. Ne4 Qg6 29. Qc4 Rxb2 30. Nc5 Ba8 31. Ne6 Rfb8 32. Nxf4 Qd6 33. Qd4 1-0

[Event "Phu Quoc zt 3.3"]
[Site "Phu Quoc"]
[Date "2007.01.11"]
[Round "7"]
[White "Chuah, Jin Jonathan Hai"]
[Black "Ngo, Ngoc Quang"]
[Result "1-0"]
[WhiteElo "2259"]
[BlackElo "2284"]
[PlyCount "43"]
[EventDate "2007.01.11"]
[EventType "swiss"]
[EventRounds "9"]
[EventCountry "VIE"]
[SourceTitle "CBM 116 Extra"]
[Source "ChessBase"]
[SourceDate "2007.03.07"]
[SourceVersion "1"]
[SourceVersionDate "2007.03.07"]
[SourceQuality "1"]

1. e4 c5 2. Nf3 e6 3. d4 cxd4 4. Nxd4 a6 5. Bd3 Nf6 6. 0-0 Qc7 7. Nb3 Be7 8. Qe2 d6 9. c4 b6 10. Nc3 Bb7 11. f4 Nc6 12. Be3 Rc8 13. a3 0-0 14. Rac1 Qb8 15. Rf3 Rfe8 16. Rh3 Bf8 17. e5 dxe5 18. Bxh7+ Kh8 19. Ne4 Ng8 20. Bxg8+ Kxg8 21. Qh5 f6 22. Nxf6+ 1-0

[Event "Phu Quoc zt 3.3"]
[Site "Phu Quoc"]
[Date "2007.01.11"]
[Round "3"]
[White "Laylo, Darwin"]
[Black "Ngo, Ngoc Quang"]
[Result "1-0"]
[WhiteElo "2476"]
[BlackElo "2284"]
[PlyCount "43"]
[EventDate "2007.01.11"]
[EventType "swiss"]
[EventRounds "9"]
[EventCountry "VIE"]
[SourceTitle "CBM 116 Extra"]
[Source "ChessBase"]
[SourceDate "2007.03.07"]
[SourceVersion "1"]
[SourceVersionDate "2007.03.07"]
[SourceQuality "1"]

1. c4 e5 2. g3 Nf6 3. Bg2 Nc6 4. Nc3 Bb4 5. e4 d6 6. Nge2 0-0 7. 0-0 Bc5 8. h3 Be6 9. d3 Qd7 10. Kh2 Ne8 11. f4 f5 12. exf5 Bxf5 13. g4 Be6 14. f5 Bf7 15. Ne4 Nd8 16. N2g3 c6 17. Nxc5 dxc5 18. Qe2 Rc8 19. b3 Nc7 20. Bb2 Re8 21. g5 g6 22. Ne4 1-0

[Event "Phu Quoc zt 3.3"]
[Site "Phu Quoc"]
[Date "2007.01.11"]
[Round "2"]
[White "Ngo, Ngoc Quang"]
[Black "Bao, Khoa"]
[Result "1-0"]
[WhiteElo "2284"]
[BlackElo "2142"]
[PlyCount "107"]
[EventDate "2007.01.11"]
[EventType "swiss"]
[EventRounds "9"]
[EventCountry "VIE"]
[SourceTitle "CBM 116 Extra"]
[Source "ChessBase"]
[SourceDate "2007.03.07"]
[SourceVersion "1"]
[SourceVersionDate "2007.03.07"]
[SourceQuality "1"]

1. d4 f5 2. g3 Nf6 3. Bg2 c6 4. Nd2 g6 5. c3 Bg7 6. Qb3 Qb6 7. Nh3 d6 8. Nc4 Qxb3 9. axb3 Nbd7 10. Ng5 d5 11. Ne6 Kf7 12. Nc7 Rb8 13. Ne5+ Nxe5 14. dxe5 Ne4 15. e6+ Bxe6 16. Nxe6 Kxe6 17. Rxa7 Nd6 18. Be3 Ra8 19. Rxa8 Rxa8 20. Kd2 Kd7 21. h4 h6 22. Bc5 Nb5 23. Kc2 Ra2 24. Kb1 Ra6 25. Rd1 b6 26. c4 Nc7 27. Be3 e6 28. Rd3 b5 29. f4 h5 30. Bc5 bxc4 31. bxc4 Ra4 32. cxd5 cxd5 33. e3 Kc6 34. Be7 Nb5 35. Rb3 Ra7 36. Bb4 Rb7 37. Kc2 e5 38. Bc3 exf4 39. Bxg7 Rxg7 40. gxf4 Nc7 41. Rb8 Re7 42. Kd2 Re8 43. Rxe8 Nxe8 44. Kc3 Nc7 45. b4 Kd6 46. Bf1 Ne6 47. Bb5 d4+ 48. Kd3 dxe3 49. Kxe3 Nf8 50. Bc4 Nd7 51. Bf7 Nf8 52. Kd4 Ke7 53. Bd5 Nd7 54. b5 1-0

[Event "VIE-chT"]
[Site "Can Tho"]
[Date "2006.09.20"]
[Round "8"]
[White "Nguyen, Van Huy"]
[Black "Ngo, Ngoc Quang"]
[Result "1-0"]
[WhiteElo "2345"]
[BlackElo "2284"]
[PlyCount "53"]
[EventDate "2006.09.14"]
[EventType "team-swiss"]
[EventRounds "11"]
[EventCountry "VIE"]
[SourceTitle "EXT 2023"]
[Source "ChessBase"]
[SourceDate "2022.10.05"]
[SourceVersion "1"]
[SourceVersionDate "2022.10.05"]
[SourceQuality "1"]

1. e4 e5 2. Nf3 Nf6 3. d4 Nxe4 4. Bd3 d5 5. Nxe5 Be7 6. Nd2 Nd6 7. c4 dxc4 8. Ndxc4 Be6 9. Ne3 c6 10. Qc2 Qb6 11. Bd2 Na6 12. 0-0 Rd8 13. d5 cxd5 14. Qa4+ Kf8 15. Ba5 Qxb2 16. Bxd8 Bxd8 17. Nd7+ Ke7 18. Rfe1 Nb4 19. Nc5 Nxd3 20. Nxd3 Qb5 21. Nf5+ Kf8 22. Qa3 Be7 23. Nxd6 Qc6 24. Rac1 Bxd6 25. Rxc6 Bxa3 26. Rc3 Bd6 27. Rxe6 1-0

[Event "VIE-chT"]
[Site "Can Tho"]
[Date "2006.09.18"]
[Round "6"]
[White "Duong, The Anh"]
[Black "Ngo, Ngoc Quang"]
[Result "1/2-1/2"]
[WhiteElo "2393"]
[BlackElo "2284"]
[PlyCount "58"]
[EventDate "2006.09.14"]
[EventType "team-swiss"]
[EventRounds "11"]
[EventCountry "VIE"]
[SourceTitle "EXT 2023"]
[Source "ChessBase"]
[SourceDate "2022.10.05"]
[SourceVersion "1"]
[SourceVersionDate "2022.10.05"]
[SourceQuality "1"]

1. d4 d5 2. c4 c6 3. Nf3 e6 4. Nc3 dxc4 5. e3 b5 6. a4 Qb6 7. Bd2 Nd7 8. axb5 cxb5 9. b3 b4 10. Na4 Qc6 11. Bxc4 Ngf6 12. 0-0 Bb7 13. Qe2 Be7 14. Bb5 Qd5 15. Nc5 Bxc5 16. dxc5 0-0 17. Bxb4 Nxc5 18. Bc4 Qh5 19. Ra5 Rfc8 20. Rfa1 a6 21. h3 Rab8 22. Rxc5 Rxc5 23. Bxc5 Qxc5 24. Bxa6 Qc3 25. Rb1 Be4 26. Rd1 Qxb3 27. Nd2 Qc2 28. Nxe4 Qxe4 29. Qb2 Qa8 1/2-1/2

[Event "VIE-ch"]
[Site "Cao Lanh Dong Thap"]
[Date "2006.04.05"]
[Round "4"]
[White "Nguyen, Van Huy"]
[Black "Ngo, Ngoc Quang"]
[Result "1/2-1/2"]
[WhiteElo "2347"]
[BlackElo "2278"]
[PlyCount "32"]
[EventDate "2006.04.03"]
[EventType "swiss"]
[EventRounds "9"]
[EventCountry "VIE"]
[SourceTitle "CBM 111 Extra"]
[Source "ChessBase"]
[SourceDate "2006.05.09"]
[SourceVersion "1"]
[SourceVersionDate "2006.05.09"]
[SourceQuality "1"]

1. e4 e5 2. Nf3 Nf6 3. Nc3 Bb4 4. Nxe5 0-0 5. Be2 Re8 6. Nd3 Bxc3 7. dxc3 Nxe4 8. Nf4 d6 9. 0-0 Nd7 10. c4 Nf8 11. Bd3 Nc5 12. b3 Nfe6 13. Qh5 Nxd3 14. Nxd3 Qf6 15. Bb2 Qg6 16. Qd1 Bd7 1/2-1/2

[Event "VIE-chT"]
[Site "Vung Tau"]
[Date "2005.08.??"]
[Round "6"]
[White "Nguyen, Duc Hoa"]
[Black "Ngo, Ngoc Quang"]
[Result "1/2-1/2"]
[WhiteElo "2186"]
[BlackElo "2289"]
[PlyCount "146"]
[EventDate "2005.08.??"]
[EventType "team"]
[EventRounds "10"]
[EventCountry "VIE"]
[SourceTitle "EXT 2006"]
[Source "ChessBase"]
[SourceDate "2005.11.24"]
[SourceVersion "1"]
[SourceVersionDate "2005.11.24"]
[SourceQuality "1"]

1. d4 Nf6 2. Nf3 b6 3. c4 e6 4. e3 Bb7 5. Bd3 d6 6. 0-0 Nbd7 7. Nbd2 c5 8. b3 Be7 9. Bb2 0-0 10. Qe2 Qc7 11. Rad1 Rad8 12. e4 cxd4 13. Nxd4 Ne5 14. Rfe1 Nxd3 15. Qxd3 Rd7 16. Qg3 Rfd8 17. Nf1 Bxe4 18. Nxe6 fxe6 19. Rxe4 e5 20. Re2 Qc5 21. Ne3 b5 22. Nf5 Bf8 23. cxb5 Qxb5 24. Rc2 Qb6 25. Rdc1 g6 26. Ne3 Bh6 27. Rc6 Qb5 28. h3 Rf7 29. R6c4 Rdf8 30. R1c2 Nh5 31. Qg4 Nf4 32. Rc8 Qd3 33. Ba3 Rxc8 34. Qxc8+ Bf8 35. Qc4 e4 36. Qxd3 Nxd3 37. Nd5 Rf5 38. Ne3 Ra5 39. Nc4 Ra6 40. Kf1 d5 41. Bxf8 Kxf8 42. Nd2 Ke7 43. a4 Kd6 44. g3 Rc6 45. Rxc6+ Kxc6 46. Ke2 Kc5 47. f3 Kd4 48. fxe4 dxe4 49. h4 h5 50. a5 a6 51. Kd1 Ke3 52. Kc2 Nb4+ 53. Kc3 Nd5+ 54. Kc2 Kd4 55. Nc4 e3 56. Kd1 Nc3+ 57. Ke1 Ne4 58. Nb2 Kc3 59. Nd1+ Kxb3 60. Nxe3 Kb4 61. g4 Kxa5 62. gxh5 gxh5 63. Kd1 Kb4 64. Kc2 a5 65. Nd5+ Kc4 66. Nf4 a4 67. Nxh5 a3 68. Nf4 Nc3 69. h5 Nd1 70. Kb1 Nc3+ 71. Ka1 Ne4 72. Ka2 Kb4 73. h6 Ng5 1/2-1/2

[Event "VIE-ch"]
[Site "Hue"]
[Date "2005.04.06"]
[Round "5"]
[White "Nguyen, Duc Hoa"]
[Black "Ngo, Ngoc Quang"]
[Result "1/2-1/2"]
[WhiteElo "2110"]
[BlackElo "2289"]
[PlyCount "106"]
[EventDate "2005.04.02"]
[EventType "swiss"]
[EventRounds "9"]
[EventCountry "VIE"]
[SourceTitle "CBM 105 Extra"]
[Source "ChessBase"]
[SourceDate "2005.05.01"]
[SourceVersion "1"]
[SourceVersionDate "2005.05.01"]
[SourceQuality "1"]

1. d4 d5 2. Nf3 Nf6 3. Bf4 c5 4. e3 Nc6 5. c3 Qb6 6. Qb3 c4 7. Qxb6 axb6 8. Nbd2 b5 9. Be2 Bf5 10. 0-0 h6 11. a3 e6 12. h3 Be7 13. Nh2 Nd7 14. Bf3 Bd3 15. Rfe1 f5 16. Bh5+ Kf8 17. Bg6 e5 18. dxe5 Ndxe5 19. Bh5 Bc2 20. Rec1 Be4 21. Be2 Nd3 22. Bxd3 Bxd3 23. Nhf3 g5 24. Bh2 Bf6 25. Ne1 Be2 26. f3 Re8 27. Kf2 Bd3 28. Nxd3 cxd3 29. Nb3 f4 30. Re1 Ne5 31. exf4 Nc4 32. Rxe8+ Kxe8 33. Rb1 Rh7 34. Nc5 d2 35. Nd3 Re7 36. Rd1 d4 37. fxg5 hxg5 38. b3 dxc3 39. bxc4 bxc4 40. Nb4 Bd4+ 41. Kf1 Bc5 42. Nc2 b5 43. Bg1 Bxa3 44. Nxa3 b4 45. Bd4 Rd7 46. Bf6 Kf7 47. Bh8 Ra7 48. Bxc3 bxc3 49. Nc2 Ra2 50. Ne1 c2 51. Rxd2 c1Q 52. Rxa2 c3 53. Rc2 Qe3 1/2-1/2

[Event "VIE-chT"]
[Site "Dong Thap"]
[Date "2004.09.20"]
[Round "7"]
[White "Tran, Ngoc Thach"]
[Black "Ngo, Ngoc Quang"]
[Result "0-1"]
[WhiteElo "2182"]
[BlackElo "2328"]
[PlyCount "103"]
[EventDate "2004.09.15"]
[EventType "team"]
[EventRounds "11"]
[EventCountry "VIE"]
[SourceTitle "EXT 2007"]
[Source "ChessBase"]
[SourceDate "2006.11.23"]
[SourceVersion "1"]
[SourceVersionDate "2006.11.23"]
[SourceQuality "1"]

1. d4 d5 2. c4 c6 3. Nc3 Nf6 4. Nf3 dxc4 5. a4 Bf5 6. e3 e6 7. Bxc4 Bb4 8. 0-0 0-0 9. Qe2 Bg6 10. Ne5 Nbd7 11. Nxg6 hxg6 12. Rd1 Qa5 13. Na2 Qxa4 14. e4 Qa5 15. Nxb4 Qxb4 16. Bd2 Qe7 17. Bg5 Qb4 18. Bd2 Qe7 19. Ra3 e5 20. dxe5 Nxe5 21. Ba2 Rfd8 22. Re1 b5 23. Rh3 Qd7 24. Ba5 Re8 25. Qc2 g5 26. Rg3 g4 27. Rd1 Qe7 28. Bc3 Rad8 29. Rxd8 Rxd8 30. h3 Qd6 31. Bb3 c5 32. Qe2 c4 33. Bc2 Nh5 34. Rxg4 Nxg4 35. Qxg4 Qg6 36. Qh4 f6 37. f4 Qg3 38. Qxh5 Qe3+ 39. Kh1 Qc1+ 40. Kh2 Qxf4+ 41. Kh1 Qc1+ 42. Kh2 Qxc2 43. Bxf6 Qd1 44. Qg6 Rd7 45. e5 Rf7 46. Bh4 Rf1 47. Qe8+ Kh7 48. e6 Rh1+ 49. Kg3 Qd3+ 50. Kg4 Qg6+ 51. Qxg6+ Kxg6 52. Kf4 0-1

[Event "VIE-chT"]
[Site "Dong Thap"]
[Date "2004.09.18"]
[Round "5"]
[White "Nguyen, Hoang Tuan"]
[Black "Ngo, Ngoc Quang"]
[Result "1/2-1/2"]
[WhiteElo "2211"]
[BlackElo "2328"]
[PlyCount "95"]
[EventDate "2004.09.15"]
[EventType "team"]
[EventRounds "11"]
[EventCountry "VIE"]
[SourceTitle "EXT 2007"]
[Source "ChessBase"]
[SourceDate "2006.11.23"]
[SourceVersion "1"]
[SourceVersionDate "2006.11.23"]
[SourceQuality "1"]

1. e4 c5 2. c3 Nf6 3. e5 Nd5 4. Nf3 Nc6 5. Bc4 e6 6. 0-0 d6 7. d4 Be7 8. Bxd5 exd5 9. exd6 Qxd6 10. dxc5 Qxc5 11. Nbd2 0-0 12. Nb3 Qd6 13. Be3 b6 14. Qd2 Bg4 15. Nbd4 Nxd4 16. Nxd4 Rad8 17. h3 Bc8 18. Bg5 Rfe8 19. Rfe1 Bxg5 20. Qxg5 h6 21. Qh4 a6 22. Rad1 b5 23. a3 Kf8 24. Qh5 Rxe1+ 25. Rxe1 Re8 26. Rxe8+ Kxe8 27. Qf3 Qe5 28. Nc6 Qe4 29. Qg3 Kd7 30. Nb8+ Ke6 31. Qxg7 Qe1+ 32. Kh2 Qe5+ 33. Qxe5+ Kxe5 34. Nc6+ Ke4 35. Kg3 Kd3 36. Nd4 Kd2 37. Kf4 f6 38. g4 Kc1 39. b4 Kd2 40. f3 Kxc3 41. Ke3 Kb2 42. Kd3 Kxa3 43. Kc3 a5 44. bxa5 b4+ 45. Kc2 Ka4 46. Nb3 f5 47. a6 Bxa6 48. Nc5+ 1/2-1/2

[Event "VIE-ch"]
[Site "Dalat City"]
[Date "2004.03.22"]
[Round "12"]
[White "Ngo, Ngoc Quang"]
[Black "Nguyen, Thai Binh"]
[Result "1/2-1/2"]
[WhiteElo "2328"]
[BlackElo "2268"]
[PlyCount "35"]
[EventDate "2004.03.12"]
[EventType "swiss"]
[EventRounds "13"]
[EventCountry "VIE"]
[SourceTitle "CBM 099 Extra"]
[Source "ChessBase"]
[SourceDate "2004.05.04"]
[SourceVersion "1"]
[SourceVersionDate "2004.05.04"]
[SourceQuality "1"]

1. e4 e5 2. Nf3 Nf6 3. d4 Nxe4 4. Bd3 d5 5. Nxe5 Nd7 6. 0-0 Nxe5 7. dxe5 Nc5 8. Be2 Be7 9. c4 dxc4 10. Na3 Qxd1 11. Rxd1 Be6 12. Nxc4 0-0 13. Be3 a5 14. Nxa5 Rxa5 15. b4 Rxa2 16. Rxa2 Bxa2 17. bxc5 Rd8 18. Rc1 1/2-1/2